関東を通る路線 - Statistics

General Stats
  • This quiz has been taken 66 times
  • The average score is 98 of 164
Answer Stats
会社 Answer % Correct
JR 山手線
95%
JR 常磐線
93%
JR 東北新幹線
91%
JR 東海道新幹線
91%
JR 東北本線
91%
JR 上越新幹線
89%
JR 北陸新幹線
88%
JR 東海道本線
88%
JR 横浜線
88%
JR 京葉線
88%
JR 内房線
88%
JR 外房線
88%
JR 中央本線
86%
JR 総武本線
86%
JR 八高線
86%
JR 根岸線
86%
JR 水戸線
84%
JR 相模線
84%
JR 南武線
82%
JR 武蔵野線
82%
JR 横須賀線
82%
JR 成田線
82%
JR 水郡線
81%
JR 両毛線
81%
JR 高崎線
79%
JR 鹿島線
79%
JR 青梅線
79%
JR 五日市線
79%
JR 赤羽線
79%
JR 久留里線
79%
JR 日光線
79%
JR 鶴見線
77%
JR 信越本線
77%
JR 東金線
77%
大手私鉄 東京地下鉄東西線
77%
大手私鉄 東京地下鉄副都心線
77%
JR 烏山線
75%
大手私鉄 東京地下鉄丸ノ内線
75%
JR 川越線
74%
大手私鉄 東京地下鉄有楽町線
74%
大手私鉄 東京地下鉄銀座線
74%
大手私鉄 東京地下鉄日比谷線
74%
大手私鉄 東京地下鉄半蔵門線
74%
大手私鉄 東京地下鉄南北線
74%
大手私鉄 東武伊勢崎線
74%
大手私鉄 東武日光線
74%
JR 吾妻線
72%
大手私鉄 西武池袋線
72%
大手私鉄 西武新宿線
72%
JR 上越線
70%
大手私鉄 東京地下鉄千代田線
70%
大手私鉄 京王井の頭線
70%
大手私鉄 東急田園都市線
70%
大手私鉄 東急世田谷線
70%
大手私鉄 小田急小田原線
70%
大手私鉄 東武東上本線
70%
JR 御殿場線
68%
大手私鉄 京王線
68%
大手私鉄 東急東横線
68%
大手私鉄 東急目黒線
68%
大手私鉄 東急大井町線
68%
大手私鉄 東武宇都宮線
68%
大手私鉄 京成本線
68%
第三セクター 首都圏新都市鉄道常磐新線
68%
大手私鉄 東武野田線
67%
公営私鉄 都営地下鉄浅草線
67%
公営私鉄 都営地下鉄大江戸線
67%
大手私鉄 京王競馬場線
65%
大手私鉄 京急本線
65%
大手私鉄 京急空港線
65%
大手私鉄 小田急多摩線
65%
大手私鉄 小田急江ノ島線
65%
大手私鉄 西武拝島線
65%
大手私鉄 西武国分寺線
65%
大手私鉄 西武多摩湖線
65%
大手私鉄 西武秩父線
65%
大手私鉄 東武越生線
65%
大手私鉄 東武鬼怒川線
65%
公営私鉄 都営地下鉄三田線
65%
大手私鉄 京王高尾線
63%
大手私鉄 東急こどもの国線
63%
大手私鉄 西武多摩川線
63%
大手私鉄 西武有楽町線
63%
大手私鉄 東武小泉線
63%
大手私鉄 相鉄本線
63%
公営私鉄 都営地下鉄新宿線
63%
大手私鉄 京王相模原線
61%
大手私鉄 京王動物園線
61%
大手私鉄 東急池上線
61%
大手私鉄 東急新横浜線
61%
大手私鉄 京急久里浜線
61%
大手私鉄 西武山口線
61%
大手私鉄 西武西武園線
61%
大手私鉄 東武大師線
61%
公営私鉄 東京都交通局日暮里・舎人ライナー
61%
大手私鉄 東急多摩川線
60%
大手私鉄 西武豊島線
60%
大手私鉄 東武佐野線
60%
大手私鉄 東武桐生線
60%
大手私鉄 京成押上線
60%
大手私鉄 京成千葉線
60%
第三セクター 北総鉄道北総線
60%
大手私鉄 京成松戸線
58%
大手私鉄 相鉄新横浜線
58%
公営私鉄 横浜市営地下鉄1号線
58%
公営私鉄 横浜市営地下鉄3号線
58%
大手私鉄 京急大師線
56%
大手私鉄 東武亀戸線
56%
中小私鉄 関東鉄道常総線
56%
大手私鉄 京急逗子線
54%
大手私鉄 西武狭山線
54%
大手私鉄 京成成田空港線
54%
大手私鉄 京成金町線
54%
第三セクター 東京臨海高速鉄道りんかい線
54%
第三セクター 東葉高速鉄道東葉高速線
54%
公営私鉄 横浜市営地下鉄4号線
54%
大手私鉄 京成千原線
53%
大手私鉄 京成東成田線
53%
大手私鉄 相鉄いずみ野線
53%
公営私鉄 都電荒川線
53%
中小私鉄 東京モノレール羽田空港線
51%
中小私鉄 関東鉄道竜ヶ崎線
51%
中小私鉄 江ノ島電鉄線
51%
中小私鉄 小田急箱根鉄道線
51%
中小私鉄 上信電鉄上信線
51%
第三セクター いすみ鉄道いすみ線
51%
中小私鉄 秩父鉄道秩父本線
49%
第三セクター ひたちなか海浜鉄道湊線
49%
第三セクター 千葉都市モノレール1号線
49%
第三セクター 千葉都市モノレール2号線
49%
第三セクター 埼玉高速鉄道線
47%
第三セクター 多摩都市モノレール線
47%
中小私鉄 上毛電気鉄道上毛線
46%
中小私鉄 小湊鉄道線
46%
中小私鉄 銚子電気鉄道線
46%
第三セクター 鹿島臨海鉄道大洗鹿島線
46%
第三セクター 芝山鉄道線
46%
第三セクター 横浜高速鉄道みなとみらい21線
46%
中小私鉄 湘南モノレール江の島線
44%
第三セクター 東京臨海新交通臨海線
44%
中小私鉄 伊豆箱根鉄道大雄山線
42%
中小私鉄 山万ユーカリが丘線
40%
第三セクター 野岩鉄道会津鬼怒川線
40%
中小私鉄 流鉄流山線
39%
第三セクター 宇都宮芳賀ライトレール線
35%
中小私鉄 舞浜リゾートラインディズニーリゾートライン
28%
大手私鉄 相鉄厚木線
26%
第三セクター 横浜シーサイドライン金沢シーサイドライン
26%
第三セクター 埼玉新都市交通伊奈線
18%
中小私鉄 小田急箱根鋼索線
14%
第三セクター わたらせ渓谷鐡道わたらせ渓谷線
14%
中小私鉄 高尾登山電鉄高尾鋼索線
11%
第三セクター 真岡鐡道真岡線
11%
第三セクター 鹿島臨海鉄道鹿島臨港線
9%
第三セクター 神奈川臨海鉄道本牧線
7%
第三セクター 神奈川臨海鉄道浮島線
7%
中小私鉄 筑波観光鉄道筑波山ロープウェイ
5%
中小私鉄 大山観光電鉄大山鋼索線
5%
中小私鉄 筑波観光鉄道筑波山鋼索鉄道線
4%
中小私鉄 秩父鉄道三ヶ尻線
4%
第三セクター 神奈川臨海鉄道水江線
4%
第三セクター 神奈川臨海鉄道千鳥線
4%
第三セクター 京葉臨海鉄道臨海本線
4%
中小私鉄 御嶽登山鉄道
2%
No matching quizzes found
Score Distribution
Percent of People with Each Score
Percentile by Number Answered
Your Score History
You have not taken this quiz